000 00506cam a22002171 4500
001 sa 65007733
003 DLC
005 20260227112150.0
008 890714s1965 ii 000 1 beno
010 _asa 65007733
035 _a(OCoLC)20010619
040 _aDLC
_cWaU
_dDLC
042 _apremarc
050 0 0 _aPK1718.M5
_bG5
100 1 _aMitra, Premendra.
245 1 0 _aGhanādāke bhoṭa dina.
260 _c[1965]
300 _a113 p.
_c22 cm.
500 _aIn Bengali.
500 _aA novel.
999 _c65330
_d65330